[Event "Pristina Balkan op-A"]
[Site "Pristina"]
[Date "2024.06.18"]
[Round "7"]
[White "Musovic, Armin"]
[Black "Gokbulut, Julia"]
[Result "1-0"]
[WhiteElo "2223"]
[BlackElo "1944"]
[PlyCount "102"]
[EventDate "2024.06.14"]
[EventType "swiss"]
[EventRounds "9"]
[EventCountry "KOS"]
[SourceTitle "CBM 220 Extra"]
[Source "ChessBase"]
[SourceDate "2024.07.31"]
[SourceVersion "1"]
[SourceVersionDate "2024.07.31"]
[SourceQuality "1"]

1. e4 c5 2. Nf3 e6 3. d4 cxd4 4. c3 dxc3 5. Nxc3 d6 6. Bg5 Be7 7. Qa4+ Bd7 8. Bxe7 Qxe7 9. Nb5 Kf8 10. Qd4 Bxb5 11. Bxb5 Nc6 12. Bxc6 bxc6 13. Rd1 d5 14. Qa4 Rc8 15. 0-0 Nf6 16. Qa6 Rc7 17. exd5 cxd5 18. Nd4 g6 19. Rc1 Rxc1 20. Rxc1 Kg7 21. Nc6 Qd6 22. Qxa7 Rc8 23. Qc5 Qf4 24. g3 Qd2 25. Qc2 Qg5 26. b4 d4 27. f4 Qd5 28. Qc5 Qe4 29. b5 d3 30. Qc3 Qe3+ 31. Kh1 Qe2 32. Re1 Qf2 33. Ra1 Qf3+ 34. Kg1 Qe3+ 35. Kh1 h5 36. Re1 Qf3+ 37. Kg1 h4 38. Ne5 Rxc3 39. Nxf3 h3 40. Rd1 Ne4 41. Nd2 f5 42. b6 Nxd2 43. Rxd2 Rc1+ 44. Kf2 Rb1 45. a4 Rxb6 46. Ke3 Ra6 47. Ra2 Rd6 48. a5 Kf6 49. Kd2 g5 50. a6 Rd8 51. a7 Ra8 1-0

[Event "Pristina Balkan op-A"]
[Site "Pristina"]
[Date "2024.06.16"]
[Round "4"]
[White "Vidmar, Klara"]
[Black "Gokbulut, Julia"]
[Result "1/2-1/2"]
[WhiteElo "1897"]
[BlackElo "1944"]
[PlyCount "54"]
[EventDate "2024.06.14"]
[EventType "swiss"]
[EventRounds "9"]
[EventCountry "KOS"]
[SourceTitle "CBM 220 Extra"]
[Source "ChessBase"]
[SourceDate "2024.07.31"]
[SourceVersion "1"]
[SourceVersionDate "2024.07.31"]
[SourceQuality "1"]

1. e4 c6 2. d4 d5 3. exd5 cxd5 4. c4 Nf6 5. Nc3 e6 6. Nf3 Bb4 7. cxd5 exd5 8. Bd3 0-0 9. 0-0 Bxc3 10. bxc3 Bg4 11. Bg5 Nbd7 12. Bc2 Qc7 13. Rc1 h6 14. Bh4 Rfe8 15. Qd3 Ne4 16. Ne5 Bf5 17. Qf3 Nxe5 18. Qxf5 g6 19. Qh3 Nc4 20. Bxe4 Rxe4 21. Bg3 Qa5 22. Qxh6 Qxa2 23. Qg5 Qa5 24. h4 Qd8 25. Qh6 Qf8 26. Qg5 Qd8 27. Qh6 Qf8 1/2-1/2

[Event "TUR-ch (Women)"]
[Site "Gaziantep"]
[Date "2024.03.08"]
[Round "8"]
[White "Baloglu, Dila"]
[Black "Gokbulut, Julia"]
[Result "1/2-1/2"]
[WhiteElo "1938"]
[BlackElo "1923"]
[PlyCount "94"]
[EventDate "2024.03.03"]
[EventType "swiss"]
[EventRounds "9"]
[EventCountry "TUR"]
[SourceTitle "CBM 219 Extra"]
[Source "ChessBase"]
[SourceDate "2024.05.31"]
[SourceVersion "1"]
[SourceVersionDate "2024.05.31"]
[SourceQuality "1"]

1. Nf3 Nf6 2. g3 b6 3. Bg2 Bb7 4. b3 g6 5. Bb2 Bg7 6. 0-0 0-0 7. c4 d6 8. d4 a5 9. Nbd2 Na6 10. Re1 Re8 11. d5 e5 12. e4 Bc8 13. Rf1 Bd7 14. Ne1 h5 15. f4 Ng4 16. Qf3 f5 17. h3 Nf6 18. fxe5 dxe5 19. Nd3 Nh7 20. h4 Nb4 21. Rae1 Nxd3 22. Qxd3 Rc8 23. exf5 gxf5 24. Qc2 Qe7 25. Qd1 Qc5+ 26. Kh1 Nf6 27. Nf3 Ng4 28. Qd2 b5 29. Qg5 Qd6 30. Qxh5 Nf6 31. Qg5 Ne4 32. Rxe4 fxe4 33. Nd2 Qh6 34. Qxh6 Bxh6 35. Nxe4 Bg7 36. Nc5 Bg4 37. cxb5 Rf8 38. Rxf8+ Rxf8 39. a4 Rf2 40. Bc1 e4 41. Nxe4 Re2 42. Bf4 Re1+ 43. Kh2 Bd4 44. d6 Bg1+ 45. Kh1 Bd4+ 46. Kh2 Bg1+ 47. Kh1 Bd4+ 1/2-1/2

[Event "TUR-ch (Women)"]
[Site "Gaziantep"]
[Date "2024.03.04"]
[Round "2"]
[White "Gokbulut, Julia"]
[Black "Sezer, Ipek"]
[Result "1-0"]
[WhiteElo "1923"]
[BlackElo "1612"]
[PlyCount "55"]
[EventDate "2024.03.03"]
[EventType "swiss"]
[EventRounds "9"]
[EventCountry "TUR"]
[SourceTitle "CBM 219 Extra"]
[Source "ChessBase"]
[SourceDate "2024.05.31"]
[SourceVersion "1"]
[SourceVersionDate "2024.05.31"]
[SourceQuality "1"]

1. d4 Nf6 2. c4 g6 3. Nc3 d5 4. Nf3 Bg7 5. Bf4 c5 6. e3 Nc6 7. Be2 0-0 8. cxd5 Nxd5 9. Be5 Nxe5 10. dxe5 Nxc3 11. bxc3 Qc7 12. Qd5 Be6 13. Qe4 Rad8 14. c4 Bf5 15. Qf4 Qa5+ 16. Kf1 f6 17. e4 Qc3 18. Rc1 g5 19. Rxc3 gxf4 20. exf5 fxe5 21. Ng5 e4 22. Rb3 Rd2 23. Nxe4 Rxa2 24. g4 Rd8 25. Rxb7 Kf8 26. g5 Rd4 27. Rb8+ Kf7 28. Bh5# 1-0

[Event "TUR-ch"]
[Site "Kemer"]
[Date "2022.12.01"]
[Round "7"]
[White "Gokbulut, Julia"]
[Black "Yavuz, Efe Metehan"]
[Result "0-1"]
[WhiteElo "1912"]
[BlackElo "2256"]
[PlyCount "66"]
[EventDate "2022.11.25"]
[EventType "tourn"]
[EventRounds "9"]
[EventCountry "TUR"]
[EventCategory "5"]
[SourceTitle "CBM 211 Extra"]
[Source "ChessBase"]
[SourceDate "2023.01.31"]
[SourceVersion "1"]
[SourceVersionDate "2023.01.31"]
[SourceQuality "1"]

1. d4 e6 2. c4 b6 3. Nc3 Bb7 4. e4 Bb4 5. d5 Na6 6. Bd3 Bxc3+ 7. bxc3 Qf6 8. Ne2 g5 9. 0-0 e5 10. Be3 Ne7 11. f4 gxf4 12. Nxf4 exf4 13. Bd4 Qg5 14. Bxh8 f6 15. Bxf6 Qxf6 16. Qh5+ Qg6 17. Qh4 Qd6 18. e5 Qc5+ 19. Kh1 0-0-0 20. Qxh7 b5 21. d6 cxd6 22. cxb5 Qd5 23. Rf3 Nc5 24. Qxe7 Nxd3 25. exd6 Ne5 26. Rf2 f3 27. g3 Ng4 28. Qe1 Nxf2+ 29. Qxf2 Re8 30. c4 Qd4 31. Qxd4 Re1+ 32. Rxe1 f2+ 33. Qd5 fxe1Q+ 0-1

[Event "TUR-ch"]
[Site "Kemer"]
[Date "2022.11.29"]
[Round "5"]
[White "Gokbulut, Julia"]
[Black "Agdelen, Huseyin Can"]
[Result "0-1"]
[WhiteElo "1912"]
[BlackElo "2416"]
[PlyCount "80"]
[EventDate "2022.11.25"]
[EventType "tourn"]
[EventRounds "9"]
[EventCountry "TUR"]
[EventCategory "5"]
[SourceTitle "CBM 211 Extra"]
[Source "ChessBase"]
[SourceDate "2023.01.31"]
[SourceVersion "1"]
[SourceVersionDate "2023.01.31"]
[SourceQuality "1"]

1. d4 d5 2. c4 dxc4 3. Nf3 a6 4. a4 Nc6 5. e4 Nf6 6. e5 Nd5 7. Bxc4 Bg4 8. Be3 e6 9. 0-0 f6 10. exf6 gxf6 11. Nbd2 Rg8 12. Kh1 f5 13. Nb3 Qf6 14. Bxd5 exd5 15. Bf4 0-0-0 16. Rc1 Bd6 17. Bxd6 Rxd6 18. Qd3 f4 19. Nbd2 Bf5 20. Qc3 Qg7 21. Rg1 Be4 22. b4 Rg6 23. Nxe4 dxe4 24. Nh4 Rg5 25. b5 axb5 26. axb5 Rxb5 27. Ra1 Rd8 28. Ra8+ Nb8 29. Ra4 Qe7 30. Rc1 c6 31. Qh3+ Qd7 32. Qc3 Qg4 33. g3 e3 34. Kg2 fxg3 35. hxg3 exf2 36. Kxf2 Rf8+ 37. Kg1 Rh5 38. Ng2 Qh3 39. Nf4 Rxf4 40. gxf4 Qg4+ 0-1

[Event "TUR-ch"]
[Site "Kemer"]
[Date "2022.11.28"]
[Round "4"]
[White "Yaran, Siar"]
[Black "Gokbulut, Julia"]
[Result "1-0"]
[WhiteElo "2291"]
[BlackElo "1912"]
[PlyCount "55"]
[EventDate "2022.11.25"]
[EventType "tourn"]
[EventRounds "9"]
[EventCountry "TUR"]
[EventCategory "5"]
[SourceTitle "CBM 211 Extra"]
[Source "ChessBase"]
[SourceDate "2023.01.31"]
[SourceVersion "1"]
[SourceVersionDate "2023.01.31"]
[SourceQuality "1"]

1. d4 Nf6 2. c4 e6 3. Nc3 Bb4 4. e3 0-0 5. Bd3 d5 6. a3 Be7 7. Nf3 dxc4 8. Bxc4 c5 9. 0-0 Nbd7 10. Qe2 Nb6 11. dxc5 Bxc5 12. Ba2 Bd7 13. e4 Rc8 14. Bg5 Be7 15. Rfd1 Ne8 16. Bf4 Bxa3 17. Ne5 Bb4 18. Nxd7 Nxd7 19. Qb5 Bxc3 20. Rxd7 Qa5 21. Qxb7 Nf6 22. Rxf7 Rcd8 23. Rxf8+ Kxf8 24. g3 Bb4 25. Bc7 Qc5 26. Bxd8 Ng4 27. Rf1 Qh5 28. Qxb4+ 1-0

[Event "TUR-ch"]
[Site "Kemer"]
[Date "2022.11.25"]
[Round "1"]
[White "Gokbulut, Julia"]
[Black "Kilic, Eray"]
[Result "0-1"]
[WhiteElo "1912"]
[BlackElo "2437"]
[PlyCount "82"]
[EventDate "2022.11.25"]
[EventType "tourn"]
[EventRounds "9"]
[EventCountry "TUR"]
[EventCategory "5"]
[SourceTitle "CBM 211 Extra"]
[Source "ChessBase"]
[SourceDate "2023.01.31"]
[SourceVersion "1"]
[SourceVersionDate "2023.01.31"]
[SourceQuality "1"]

1. d4 Nf6 2. c4 g6 3. Nc3 Bg7 4. g3 0-0 5. Bg2 d6 6. Nf3 Nbd7 7. 0-0 e5 8. e4 exd4 9. Nxd4 Nc5 10. h3 Re8 11. Re1 Bd7 12. Qc2 Qc8 13. Kh2 Ng4+ 14. hxg4 Bxd4 15. f3 Qd8 16. Be3 Be5 17. g5 h6 18. Qd2 h5 19. Bf4 Bc6 20. Rad1 Ne6 21. Nd5 Bg7 22. Be3 Bxd5 23. cxd5 Nf8 24. Rc1 Nd7 25. b4 Ne5 26. a4 Qd7 27. Qd1 Re7 28. Bh3 Qe8 29. Bf1 c6 30. dxc6 bxc6 31. Kg2 Rd8 32. Qc2 d5 33. exd5 Rxd5 34. Qf2 Qd7 35. Rc5 Nd3 36. Bxd3 Rxd3 37. Rc2 Qe8 38. Rce2 Bc3 39. Bd2 Rxe2 40. Rxe2 Qxe2 41. Qxe2 Rxd2 0-1

[Event "TUR Cup"]
[Site "Adapazari"]
[Date "2022.03.26"]
[Round "2"]
[White "Gokbulut, Julia"]
[Black "Kandaz, Berat Efe"]
[Result "1/2-1/2"]
[WhiteElo "1921"]
[BlackElo "1519"]
[PlyCount "89"]
[EventDate "2022.03.25"]
[EventType "swiss"]
[EventRounds "11"]
[EventCountry "TUR"]
[SourceTitle "EXT 2023"]
[Source "ChessBase"]
[SourceDate "2022.10.05"]
[SourceVersion "1"]
[SourceVersionDate "2022.10.05"]
[SourceQuality "1"]

1. d4 d5 2. c4 e6 3. Nf3 a6 4. c5 b6 5. cxb6 c5 6. e3 Qxb6 7. Nc3 Bd7 8. Be2 Nf6 9. 0-0 Be7 10. dxc5 Bxc5 11. Na4 Bxa4 12. Qxa4+ Nbd7 13. Ne5 Qc7 14. Nxd7 Qxd7 15. Qxd7+ Kxd7 16. Rd1 Rhb8 17. g4 Ke7 18. Kg2 Ne4 19. Bd3 Nd6 20. Rb1 a5 21. h4 h6 22. h5 Rb4 23. Kf3 e5 24. Bc2 d4 25. exd4 Bxd4 26. a3 Rb6 27. g5 Rc8 28. Ba4 hxg5 29. Bxg5+ f6 30. Bd2 Rxb2 31. Rxb2 Bxb2 32. Rg1 Nf5 33. Rb1 Bxa3 34. Rb7+ Kf8 35. Bd7 Nd4+ 36. Ke4 Rd8 37. Bxa5 Ra8 38. Bd2 Be7 39. f4 f5+ 40. Bxf5 Nxf5 41. Kxf5 exf4 42. Bxf4 Ra5+ 43. Kg6 Ra6+ 44. Kh7 Ra5 45. Kg6 1/2-1/2

[Event "Kirsehir Ahilik op"]
[Site "Kirsehir"]
[Date "2021.09.16"]
[Round "6"]
[White "Gokbulut, Julia"]
[Black "Gur, Tuba"]
[Result "1/2-1/2"]
[WhiteElo "1957"]
[BlackElo "1746"]
[PlyCount "109"]
[EventDate "2021.09.13"]
[EventType "swiss"]
[EventRounds "9"]
[EventCountry "TUR"]
[SourceTitle "CBM 204 Extra"]
[Source "ChessBase"]
[SourceDate "2021.11.30"]
[SourceVersion "1"]
[SourceVersionDate "2021.11.30"]
[SourceQuality "1"]

1. d4 d5 2. c4 e6 3. g3 Nf6 4. Bg2 Be7 5. Nf3 0-0 6. 0-0 dxc4 7. Ne5 c5 8. dxc5 Bxc5 9. Qc2 Nbd7 10. Nxc4 Nd5 11. Nc3 Nxc3 12. Qxc3 Qf6 13. Qxf6 Nxf6 14. Rd1 Ng4 15. e3 Rb8 16. h3 Nf6 17. b3 b5 18. Na5 Rb6 19. Bb2 Ra6 20. b4 Bxb4 21. Nc6 Ba3 22. Bd4 h6 23. f4 Nd5 24. Nxa7 Bd7 25. e4 Nf6 26. Rab1 Rb8 27. Bf2 Rb7 28. Nc8 Kh7 29. e5 Nd5 30. Nd6 Bxd6 31. exd6 Rxd6 32. f5 Ra6 33. fxe6 fxe6 34. Be4+ g6 35. Bd4 Be8 36. Rd2 Rf7 37. h4 Ra3 38. Rb3 Rxb3 39. axb3 Nf6 40. Bc2 Rd7 41. Rd1 Ng4 42. Bb2 Rxd1+ 43. Bxd1 Ne3 44. Be2 Nf5 45. Kf2 Kg8 46. Be5 Kf7 47. h5 Ng7 48. hxg6+ Kxg6 49. Bd3+ Kf7 50. g4 h5 51. gxh5 Nxh5 52. Ke3 Nf6 53. Kd4 Nd5 54. Be4 Ke7 55. Bxd5 1/2-1/2

[Event "TUR-ch (Women)"]
[Site "Corum"]
[Date "2021.06.16"]
[Round "4"]
[White "Gokbulut, Julia"]
[Black "Incecik, Seyma Zeynep"]
[Result "1/2-1/2"]
[WhiteElo "1970"]
[BlackElo "1762"]
[PlyCount "79"]
[EventDate "2021.06.13"]
[EventType "swiss"]
[EventRounds "7"]
[EventCountry "TUR"]
[SourceTitle "CBM 203 Extra"]
[Source "ChessBase"]
[SourceDate "2021.09.30"]
[SourceVersion "1"]
[SourceVersionDate "2021.09.30"]
[SourceQuality "1"]

1. d4 d5 2. c4 c6 3. Nf3 Nf6 4. Qc2 e6 5. Bg5 Nbd7 6. e3 Be7 7. Nc3 b6 8. Bd3 Bb7 9. 0-0 h6 10. Bh4 0-0 11. a3 c5 12. cxd5 Nxd5 13. Bxe7 Qxe7 14. Nxd5 Bxd5 15. Be4 Bxe4 16. Qxe4 Nf6 17. Qe5 Rac8 18. Rac1 Rfd8 19. h3 Rd5 20. Qf4 c4 21. e4 Rd7 22. Rc3 b5 23. Rfc1 Rdc7 24. Ne5 Nd7 25. Ng4 Nf8 26. Rg3 Ng6 27. Qd2 Rd8 28. d5 exd5 29. exd5 Qe4 30. Ne3 Nf4 31. Kh1 Nxd5 32. Nxd5 Qxd5 33. Qxh6 Qd4 34. Rcc3 Rcd7 35. Kh2 Rd6 36. Qg5 Rd5 37. Qh6 R5d6 38. Qg5 Rd5 39. Qh6 R5d6 40. Qg5 1/2-1/2

[Event "Titled Tuesday intern op 21st July"]
[Site "Chess.com INT"]
[Date "2020.07.21"]
[Round "8"]
[White "Gokbulut, Julia"]
[Black "Amorim, Daniel Madson De Me"]
[Result "1/2-1/2"]
[WhiteElo "1970"]
[BlackElo "2143"]
[PlyCount "101"]
[EventDate "2020.07.21"]
[EventType "swiss (blitz)"]
[EventRounds "10"]
[EventCountry "USA"]
[SourceTitle "CBM 197 Extra"]
[Source "ChessBase"]
[SourceDate "2020.09.30"]
[SourceVersion "1"]
[SourceVersionDate "2020.09.30"]
[SourceQuality "1"]

1. d4 Nf6 2. c4 e6 3. Nf3 Bb4+ 4. Bd2 Bxd2+ 5. Qxd2 d5 6. cxd5 exd5 7. Nc3 0-0 8. Qc2 c6 9. e3 Bg4 10. Bd3 Nbd7 11. Ne5 Bh5 12. 0-0 Bg6 13. Nxg6 hxg6 14. e4 dxe4 15. Nxe4 Nxe4 16. Bxe4 Nf6 17. Rad1 Nxe4 18. Qxe4 Re8 19. Qf3 Qf6 20. Qxf6 gxf6 21. d5 cxd5 22. Rxd5 Re2 23. Rb5 b6 24. a4 Rc8 25. b4 Rcc2 26. a5 bxa5 27. Rxa5 Rb2 28. Rxa7 Rxb4 29. g3 Rbb2 30. Kg2 Kg7 31. Ra6 f5 32. h4 Rec2 33. Ra7 Rc4 34. Ra3 f4 35. gxf4 Rxf4 36. Rh3 Rb5 37. Rfh1 Rbf5 38. f3 Rc5 39. h5 g5 40. h6+ Kh7 41. Kg3 Rc3 42. Kg2 f5 43. Ra1 Rc7 44. Ra6 Rfc4 45. Rh5 g4 46. Rxf5 gxf3+ 47. Rxf3 Rg4+ 48. Kh3 Rg6 49. Rxg6 Kxg6 50. Rg3+ Kxh6 51. Rf3 1/2-1/2

[Event "Titled Tuesday intern op 14th July"]
[Site "Chess.com INT"]
[Date "2020.07.14"]
[Round "5"]
[White "Savanovic, Aleksandar"]
[Black "Gokbulut, Julia"]
[Result "1-0"]
[WhiteElo "2410"]
[BlackElo "1970"]
[PlyCount "119"]
[EventDate "2020.07.14"]
[EventType "swiss (blitz)"]
[EventRounds "10"]
[EventCountry "USA"]
[SourceTitle "CBM 197 Extra"]
[Source "ChessBase"]
[SourceDate "2020.09.30"]
[SourceVersion "1"]
[SourceVersionDate "2020.09.30"]
[SourceQuality "1"]

1. e4 c6 2. d4 d5 3. Nc3 dxe4 4. Nxe4 Bf5 5. Ng3 Bg6 6. h4 h6 7. Nf3 Nd7 8. h5 Bh7 9. Bd3 Bxd3 10. Qxd3 e6 11. Bf4 Qa5+ 12. Bd2 Bb4 13. c3 Be7 14. c4 Qc7 15. 0-0-0 Ngf6 16. Ne4 Nxe4 17. Qxe4 Nf6 18. Qe2 0-0 19. Ne5 c5 20. Bc3 cxd4 21. Rxd4 Rfd8 22. Rhd1 Rxd4 23. Rxd4 Rd8 24. Rxd8+ Qxd8 25. g4 Nd7 26. Qd3 Nxe5 27. Qxd8+ Bxd8 28. Bxe5 f6 29. Bb8 Bb6 30. f3 a5 31. Kc2 Kf7 32. Kb3 g6 33. Ka4 gxh5 34. gxh5 Bd4 35. Kxa5 Bxb2 36. Kb6 e5 37. Kxb7 Ba3 38. Ba7 Ke6 39. Be3 Bf8 40. c5 f5 41. c6 Bd6 42. Bxh6 e4 43. fxe4 fxe4 44. c7 Bxc7 45. Kxc7 Kf5 46. a4 Kg4 47. a5 Kxh5 48. Bc1 Kg4 49. a6 Kf3 50. a7 e3 51. a8Q+ Kf2 52. Bxe3+ Kxe3 53. Kd6 Kd4 54. Qa4+ Kd3 55. Kd5 Ke3 56. Qe4+ Kd2 57. Qf3 Kc2 58. Kc4 Kd2 59. Qf2+ Kd1 60. Kc3 1-0

[Event "Speed Chess (Women) Q5"]
[Site "Chess.com INT"]
[Date "2020.06.22"]
[Round "8"]
[White "Gokbulut, Julia"]
[Black "Charochkina, Daria"]
[Result "0-1"]
[WhiteElo "1970"]
[BlackElo "2356"]
[PlyCount "74"]
[EventDate "2020.06.22"]
[EventType "swiss (blitz)"]
[EventRounds "13"]
[EventCountry "USA"]
[SourceTitle "CBM 196 Extra"]
[Source "ChessBase"]
[SourceDate "2020.07.31"]
[SourceVersion "1"]
[SourceVersionDate "2020.07.31"]
[SourceQuality "1"]

1. d4 f5 2. Bg5 h6 3. Bh4 g5 4. Bg3 Nf6 5. e3 d6 6. h4 Rg8 7. hxg5 hxg5 8. Bc4 e6 9. Nc3 Qe7 10. Nf3 Nc6 11. d5 Nd8 12. dxe6 Nxe6 13. Bxe6 Bxe6 14. Nd4 Bd7 15. Qe2 0-0-0 16. 0-0-0 Bg7 17. Qd3 Ne4 18. Nd5 Qf8 19. Qc4 c6 20. Nc3 Nxg3 21. fxg3 Kb8 22. e4 fxe4 23. Rdf1 Qe8 24. Nf5 Bxf5 25. Rxf5 d5 26. Qc5 Qe6 27. Rhf1 Be5 28. g4 Bf4+ 29. R5xf4 gxf4 30. Rxf4 Rxg4 31. Rf2 e3 32. Re2 d4 33. Nd1 Rf4 34. g3 Rf1 35. Qg5 Rdf8 36. g4 Qxa2 37. Qe5+ Ka8 0-1

[Event "Speed Chess (Women) Q5"]
[Site "Chess.com INT"]
[Date "2020.06.22"]
[Round "7"]
[White "Gokbulut, Julia"]
[Black "Osmanodja, Filiz"]
[Result "1-0"]
[WhiteElo "1970"]
[BlackElo "2293"]
[PlyCount "21"]
[EventDate "2020.06.22"]
[EventType "swiss (blitz)"]
[EventRounds "13"]
[EventCountry "USA"]
[SourceTitle "CBM 196 Extra"]
[Source "ChessBase"]
[SourceDate "2020.07.31"]
[SourceVersion "1"]
[SourceVersionDate "2020.07.31"]
[SourceQuality "1"]

1. d4 Nf6 2. c4 e6 3. Nc3 Bb4 4. Qc2 0-0 5. a3 d5 6. axb4 dxc4 7. e3 Nc6 8. b5 Nb4 9. Qa4 Nd3+ 10. Bxd3 cxd3 11. Qc4 1-0

[Event "Speed Chess (Women) Q5"]
[Site "Chess.com INT"]
[Date "2020.06.22"]
[Round "3"]
[White "Gokbulut, Julia"]
[Black "Wagner, Dinara"]
[Result "0-1"]
[WhiteElo "1970"]
[BlackElo "2354"]
[PlyCount "68"]
[EventDate "2020.06.22"]
[EventType "swiss (blitz)"]
[EventRounds "13"]
[EventCountry "USA"]
[SourceTitle "CBM 196 Extra"]
[Source "ChessBase"]
[SourceDate "2020.07.31"]
[SourceVersion "1"]
[SourceVersionDate "2020.07.31"]
[SourceQuality "1"]

1. d4 Nf6 2. c4 e6 3. Nc3 Bb4 4. Qc2 0-0 5. a3 Bxc3+ 6. Qxc3 d5 7. Nf3 dxc4 8. Qxc4 b6 9. Bg5 Ba6 10. Qc2 h6 11. Bxf6 Qxf6 12. e3 Bxf1 13. Kxf1 c5 14. dxc5 Rc8 15. Rd1 Rxc5 16. Qe4 Nc6 17. b4 Rc3 18. b5 Rd8 19. Ke2 Na5 20. Rxd8+ Qxd8 21. Rd1 Qc7 22. Qa8+ Kh7 23. Qe4+ g6 24. Ne5 Rc2+ 25. Kf1 Rc5 26. f4 Nc4 27. Nd3 Rd5 28. Ke2 Nxa3 29. Rd2 Nxb5 30. Qb4 Nc3+ 31. Kf3 a5 32. Qf8 Rd8 33. Qa3 Qc6+ 34. Kg3 Ne4+ 0-1

[Event "Speed Chess (Women) Q5"]
[Site "Chess.com INT"]
[Date "2020.06.22"]
[Round "9"]
[White "Kiran, Manisha Mohanty"]
[Black "Gokbulut, Julia"]
[Result "1-0"]
[WhiteElo "2168"]
[BlackElo "1970"]
[PlyCount "81"]
[EventDate "2020.06.22"]
[EventType "swiss (blitz)"]
[EventRounds "13"]
[EventCountry "USA"]
[SourceTitle "CBM 196 Extra"]
[Source "ChessBase"]
[SourceDate "2020.07.31"]
[SourceVersion "1"]
[SourceVersionDate "2020.07.31"]
[SourceQuality "1"]

1. e4 c6 2. d4 d5 3. e5 Bf5 4. h4 Qb6 5. c3 Bxb1 6. Rxb1 e6 7. Bd3 c5 8. Nf3 Nc6 9. a3 Nh6 10. 0-0 Be7 11. g3 cxd4 12. cxd4 Nf5 13. Bxf5 exf5 14. b4 0-0 15. Qd3 g6 16. h5 Nd8 17. Kg2 Ne6 18. Rh1 Rac8 19. Be3 Qc6 20. Rbc1 Qa4 21. Rc3 a5 22. b5 Rxc3 23. Qxc3 Qxb5 24. Nh4 Qa4 25. Rb1 b5 26. hxg6 hxg6 27. Rh1 Qxa3 28. Qc6 Bxh4 29. Rxh4 b4 30. Qxd5 b3 31. Rh1 b2 32. Qb5 Nc7 33. Qb7 Ne6 34. d5 f4 35. gxf4 Ng7 36. e6 fxe6 37. Bd4 Rf7 38. Rh8+ Kxh8 39. Qxf7 Qf8 40. Qxf8+ Kh7 41. Qxg7# 1-0

[Event "Speed Chess (Women) Q5"]
[Site "Chess.com INT"]
[Date "2020.06.22"]
[Round "1"]
[White "Mamedjarova, Turkan"]
[Black "Gokbulut, Julia"]
[Result "1-0"]
[WhiteElo "2309"]
[BlackElo "1970"]
[PlyCount "135"]
[EventDate "2020.06.22"]
[EventType "swiss (blitz)"]
[EventRounds "13"]
[EventCountry "USA"]
[SourceTitle "CBM 196 Extra"]
[Source "ChessBase"]
[SourceDate "2020.07.31"]
[SourceVersion "1"]
[SourceVersionDate "2020.07.31"]
[SourceQuality "1"]

1. d4 d5 2. Nf3 Nf6 3. c4 e6 4. Nc3 Be7 5. Bf4 c6 6. e3 0-0 7. c5 b6 8. b4 a5 9. a3 axb4 10. axb4 Rxa1 11. Qxa1 bxc5 12. bxc5 Nh5 13. Bxb8 Bd7 14. Bd6 Bxd6 15. cxd6 Qb6 16. Bd3 c5 17. 0-0 Qxd6 18. Qa3 Rc8 19. h3 Nf6 20. Ne5 Be8 21. Rb1 g6 22. Ne2 Qc7 23. Qxc5 Qxc5 24. dxc5 Rxc5 25. Rb8 Kf8 26. Nd4 Rc1+ 27. Kh2 Ke7 28. Bb5 Bxb5 29. Rxb5 Rc7 30. Rb8 Ne4 31. f3 Nd2 32. Ndc6+ Kf6 33. Kg3 Kf5 34. Rb4 f6 35. Rf4+ Kg5 36. h4+ Kh6 37. Rxf6 Nc4 38. Nxc4 dxc4 39. Nd4 e5 40. Nc2 c3 41. Rd6 Kg7 42. e4 Kf7 43. Kf2 h5 44. Ke3 Ra7 45. Kd3 Rc7 46. Rb6 Rc8 47. Rb3 Rd8+ 48. Ke3 Rc8 49. Kd3 Rc7 50. Rxc3 Rd7+ 51. Ke2 Kf6 52. Ne3 Kg7 53. Rc6 Kf7 54. Nc4 Re7 55. Ke3 Kg7 56. Rc5 Kf6 57. f4 exf4+ 58. Kxf4 Kg7 59. Rc6 Rf7+ 60. Ke3 Re7 61. e5 Kf7 62. Ke4 Kg7 63. Ne3 Ra7 64. g3 Ra4+ 65. Rc4 Ra5 66. Ng2 Ra1 67. Nf4 Ra6 68. Rc7+ 1-0

[Event "Speed Chess (Women) Q5"]
[Site "Chess.com INT"]
[Date "2020.06.22"]
[Round "12"]
[White "Narva, Regina R"]
[Black "Gokbulut, Julia"]
[Result "1-0"]
[WhiteElo "1905"]
[BlackElo "1970"]
[PlyCount "65"]
[EventDate "2020.06.22"]
[EventType "swiss (blitz)"]
[EventRounds "13"]
[EventCountry "USA"]
[SourceTitle "CBM 196 Extra"]
[Source "ChessBase"]
[SourceDate "2020.07.31"]
[SourceVersion "1"]
[SourceVersionDate "2020.07.31"]
[SourceQuality "1"]

1. e4 c6 2. Nc3 d5 3. exd5 cxd5 4. d4 Nf6 5. Nf3 Qc7 6. Bb5+ Nc6 7. Ne5 a6 8. Nxc6 bxc6 9. Bd3 Bg4 10. f3 Bh5 11. 0-0 Bg6 12. Bg5 e6 13. Qe2 h6 14. Bxf6 Bxd3 15. Qxd3 gxf6 16. f4 Bd6 17. g3 f5 18. Rae1 Kd7 19. a3 h5 20. b4 h4 21. g4 Rag8 22. h3 fxg4 23. f5 gxh3+ 24. Kh1 Rg7 25. fxe6+ fxe6 26. Qe2 Re8 27. Qh5 Bg3 28. Re3 Ree7 29. Na4 Kc8 30. Nc5 Qd6 31. Qh8+ Qd8 32. Rf8 Re8 33. Rxe8 1-0

[Event "Speed Chess (Women) Q4"]
[Site "Chess.com INT"]
[Date "2020.06.21"]
[Round "1"]
[White "Gokbulut, Julia"]
[Black "Goltseva, Ekaterina"]
[Result "0-1"]
[WhiteElo "1970"]
[BlackElo "2306"]
[PlyCount "80"]
[EventDate "2020.06.21"]
[EventType "swiss (blitz)"]
[EventRounds "9"]
[EventCountry "USA"]
[SourceTitle "CBM 196 Extra"]
[Source "ChessBase"]
[SourceDate "2020.07.31"]
[SourceVersion "1"]
[SourceVersionDate "2020.07.31"]
[SourceQuality "1"]

1. d4 Nf6 2. c4 e6 3. Nf3 d5 4. Nc3 dxc4 5. Bg5 a6 6. a4 Nc6 7. e3 Na5 8. Nd2 Qd6 9. Bxc4 Nxc4 10. Nxc4 Qc6 11. Bxf6 gxf6 12. Qe2 Qxg2 13. 0-0-0 Bd7 14. d5 0-0-0 15. Rdg1 Qh3 16. Rg3 Qh4 17. f4 exd5 18. Nxd5 Bc6 19. e4 Bxd5 20. exd5 Qxf4+ 21. Kb1 Qf5+ 22. Ka1 Qxd5 23. Rf1 Bd6 24. Rgf3 Qc6 25. Qc2 Be5 26. Qb3 Rd4 27. Nxe5 Rxa4+ 28. Kb1 fxe5 29. Rc3 Qe4+ 30. Rc2 Rd8 31. Qxf7 Ra1+ 32. Kxa1 Qxc2 33. Qe6+ Kb8 34. Qxe5 Rd2 35. Rf8+ Ka7 36. Rf1 Rxh2 37. Qe3+ b6 38. Qe5 Re2 39. Qd4 Re4 40. Qg7 Ra4# 0-1

[Event "Speed Chess (Women) Q4"]
[Site "Chess.com INT"]
[Date "2020.06.21"]
[Round "7"]
[White "Gokbulut, Julia"]
[Black "Muminova, Nafisa"]
[Result "1/2-1/2"]
[WhiteElo "1970"]
[BlackElo "2274"]
[PlyCount "87"]
[EventDate "2020.06.21"]
[EventType "swiss (blitz)"]
[EventRounds "9"]
[EventCountry "USA"]
[SourceTitle "CBM 196 Extra"]
[Source "ChessBase"]
[SourceDate "2020.07.31"]
[SourceVersion "1"]
[SourceVersionDate "2020.07.31"]
[SourceQuality "1"]

1. d4 Nf6 2. c4 e6 3. Nc3 c5 4. d5 exd5 5. cxd5 d6 6. e4 g6 7. f4 Bg7 8. Bb5+ Nfd7 9. Be2 0-0 10. Nf3 a6 11. a4 Re8 12. 0-0 Bxc3 13. bxc3 Rxe4 14. Bd3 Re8 15. f5 Ne5 16. Nxe5 Rxe5 17. fxg6 hxg6 18. c4 Qh4 19. Bb2 Rh5 20. h3 Bxh3 21. Bf6 Qg3 22. Qf3 Qxf3 23. Rxf3 Bg4 24. Rf4 Nd7 25. Bc3 f5 26. Re1 Kf7 27. Re6 Ne5 28. Bxe5 dxe5 29. Rxe5 Re8 30. Rxe8 Kxe8 31. Rf1 Rh7 32. Kf2 Kd7 33. Kg3 Kd6 34. Kf4 b5 35. axb5 axb5 36. Ra1 bxc4 37. Bxc4 Rb7 38. Ra6+ Kd7 39. Ke5 Rb4 40. Ra7+ Ke8 41. Ra8+ Kd7 42. Ra7+ Ke8 43. Ra8+ Kd7 44. Ra7+ 1/2-1/2